000 00678nam a22001937a 4500
999 _c193714
_d193714
005 20221110121011.0
010 _aENG-135658
020 _a9780199479283
_c795.00
035 _aEN-119190
037 _bDBAD/PUB
082 _a330.954
100 _aRana, Pradumna B.
245 _aJumpstarting south asia:
_brevisiting economic reforms and look east policies/
_cby Pradumna B. Rana & Wai-Mun Chia
260 _aDaryaganj
_bOxford University Press
_c2018
270 _a2/11 Ground Floor, Ansari Road, Daryaganj
_bNew Delhi
_e110002
300 _axii: 256p.
_c23cm(hbk)
_bReference & Index
700 _aChia, Wai-Mun
_eAuthor
942 _2ddc
_cEN
_mRAN
_h330.954